000 00668nam a2200181Ia 4500
008 090124s9999 xx 000 0 und d
082 _b16443
_a3856
100 _aचिरमुले श.वा.(शरच्चंद्र वासुदेव)
245 _a श्री शिल्लक
250 _a1
260 _c1967
300 _a216
600 _aचिरमुले श.वा.(शरच्चंद्र वासुदेव)
630 _a श्री शिल्लक
700 _aचिरमुले श.वा.(शरच्चंद्र वासुदेव)
730 _a श्री शिल्लक
942 _cBOOK
999 _c130383
_d130383